Dans quel club n’a pas joué ce footballeur ? - Statistiques

Statistiques générales
  • Ce quiz a été pris 635 fois
  • Le résultat moyen est 9 sur 12
Statistiques - réponses
Question Réponse % Correct
Antoine Griezmann
98%
Pierre-Emerick Aubameyang
91%
Keylor Navas
91%
Luka Modrić
91%
Xherdan Shaqiri
80%
Ángel Di María
79%
Christian Eriksen
74%
James Rodríguez
68%
Ronaldo
62%
Mario Götze
48%
Ivan Perišić
48%
Nicolas Anelka
35%
Aucun quiz correspondant
Distribution des résultats
% des personnes avec chaque résultat
Percentile par nombre de réponses
Votre historique - résultats
Vous n’avez pas pris ce quiz